Statistics for SAT Vocabulary Words Starting With D

Click here to take the quiz!

General Stats

  • This quiz has been taken 15,291 times
  • The average score is 12 of 15

Answer Stats

QuestionAnswer% Correct
Diabolical (adjective)Satanic
96%
Debacle (noun)A fiasco
93%
Dissident (noun)A person who disagrees with the ruling power
92%
Defame (verb)To tell a lie in order to harm another's reputation
91%
Destitute (adjective)Impoverished
90%
Dogma (noun)Doctrine set forth by a religious leader or organization
88%
Duplicity (noun)Deceptiveness; saying one thing and doing another
86%
Deadpan (adjective)Marked by pretend seriousness or impassivity
80%
Drudgery (noun)Tedious, menial labor
79%
Deluge (noun)A great flood
75%
Diatribe (noun)A sharp attack or criticism, especially a lengthy one
74%
Dearth (noun)A lack
68%
Disinter (verb)To remove from a tomb
62%
Dilettante (noun)An amateur who dabbles in a field
60%
Disenfranchise (verb)To deprive of the right to vote
48%

Score Distribution

Percentile by Number Answered

Percent of People with Each Score

Your Score History

You have not taken this quiz